MARC details
| 000 -LEADER |
| fixed length control field |
02242cam a2200421 a 4500 |
| 001 - CONTROL NUMBER |
| control field |
452741 |
| 003 - CONTROL NUMBER IDENTIFIER |
| control field |
GBCCL |
| 005 - DATE AND TIME OF LATEST TRANSACTION |
| control field |
20241126110527.0 |
| 008 - FIXED-LENGTH DATA ELEMENTS--GENERAL INFORMATION |
| fixed length control field |
090323s2009 ilua b 001 0 eng |
| 010 ## - |
| -- |
2009011892 |
| 020 ## - INTERNATIONAL STANDARD BOOK NUMBER |
| International Standard Book Number |
9780802490926 |
| 020 ## - INTERNATIONAL STANDARD BOOK NUMBER |
| International Standard Book Number |
0802490921 |
| 029 1# - |
| -- |
NZ1 |
| -- |
13199080 |
| 029 1# - |
| -- |
AU@ |
| -- |
000043985150 |
| 035 ## - SYSTEM CONTROL NUMBER |
| System control number |
(OCoLC)ocn301890096 |
| 035 ## - SYSTEM CONTROL NUMBER |
| System control number |
(OCoLC)301890096 |
| 040 ## - CATALOGING SOURCE |
| Original cataloging agency |
DLC |
| Language of cataloging |
eng |
| Transcribing agency |
DLC |
| Modifying agency |
BTCTA |
| -- |
DTM |
| -- |
SGB |
| -- |
BDX |
| -- |
MSB |
| -- |
YDXCP |
| -- |
OCLCF |
| -- |
LBB |
| 049 ## - |
| -- |
LBBA |
| 050 00 - |
| -- |
BS476 |
| -- |
.M35 2009 |
| 082 00 - DEWEY DECIMAL CLASSIFICATION NUMBER |
| Classification number |
220.601 |
| Edition information |
22 |
| Item number |
MCQ |
| 090 ## - LOCALLY ASSIGNED LC-TYPE CALL NUMBER (OCLC); LOCAL CALL NUMBER (RLIN) |
| Classification number (OCLC) (R) ; Classification number, CALL (RLIN) (NR) |
BS476 |
| Local cutter number (OCLC) ; Book number/undivided call number, CALL (RLIN) |
.M35 2009 |
| 100 1# - MAIN ENTRY--PERSONAL NAME |
| Personal name |
McQuilkin, J. Robertson, |
| Dates associated with a name |
1927- |
| 9 (RLIN) |
1625 |
| 245 10 - TITLE STATEMENT |
| Title |
Understanding and applying the Bible / |
| Statement of responsibility, etc. |
Robertson McQuilkin. |
| 250 ## - EDITION STATEMENT |
| Edition statement |
Rev. and exp. |
| 260 ## - PUBLICATION, DISTRIBUTION, ETC. |
| Place of publication, distribution, etc. |
Chicago : |
| Name of publisher, distributor, etc. |
Moody Publishers, |
| Date of publication, distribution, etc. |
c2009. |
| 300 ## - PHYSICAL DESCRIPTION |
| Extent |
382 p. : |
| Other physical details |
ill. ; |
| Dimensions |
23 cm. |
| 504 ## - BIBLIOGRAPHY, ETC. NOTE |
| Bibliography, etc. note |
Includes bibliographical references (p. [353]-356) and indexes. |
| 505 0# - FORMATTED CONTENTS NOTE |
| Formatted contents note |
Presupposition of biblical interpretation -- Supernaturalistic approaches of premoderns -- The naturalistic approaches of moderns -- The naturalistic approaches of postmoderns -- Dogmatic approaches -- Basic principles for understanding the Bible -- Understanding human language -- Historical, physical, and cultural setting -- A method of word study -- Analyzing thought structure -- Examining the context -- Figurative language -- Parables -- Hebrew poetry -- Unity of Scripture -- Coherence of truth -- Approach to alleged discrepancies -- Biblical prophecy -- Identifying the audience God intended -- Identifying the response God desires. |
| 630 00 - SUBJECT ADDED ENTRY--UNIFORM TITLE |
| Uniform title |
Bible |
| General subdivision |
Hermeneutics. |
| 9 (RLIN) |
1790 |
| 630 00 - SUBJECT ADDED ENTRY--UNIFORM TITLE |
| Uniform title |
Bible |
| General subdivision |
Criticism, interpretation, etc. |
| 9 (RLIN) |
144 |
| 630 07 - SUBJECT ADDED ENTRY--UNIFORM TITLE |
| Uniform title |
Bible. |
| Source of heading or term |
fast |
| Authority record control number or standard number |
(OCoLC)fst01356024 |
| 9 (RLIN) |
599 |
| 650 #7 - SUBJECT ADDED ENTRY--TOPICAL TERM |
| Topical term or geographic name entry element |
Hermeneutics. |
| Source of heading or term |
fast |
| Authority record control number or standard number |
(OCoLC)fst00955492 |
| 9 (RLIN) |
1913 |
| 655 #7 - INDEX TERM--GENRE/FORM |
| Genre/form data or focus term |
Criticism, interpretation, etc. |
| Source of term |
fast |
| Authority record control number or standard number |
(OCoLC)fst01411635 |
| 9 (RLIN) |
1372 |
| 856 42 - ELECTRONIC LOCATION AND ACCESS |
| Materials specified |
Contributor biographical information |
| Uniform Resource Identifier |
<a href="http://catdir.loc.gov/catdir/enhancements/fy1008/2009011892-b.html">http://catdir.loc.gov/catdir/enhancements/fy1008/2009011892-b.html</a> |
| 856 42 - ELECTRONIC LOCATION AND ACCESS |
| Materials specified |
Publisher description |
| Uniform Resource Identifier |
<a href="http://catdir.loc.gov/catdir/enhancements/fy1008/2009011892-d.html">http://catdir.loc.gov/catdir/enhancements/fy1008/2009011892-d.html</a> |
| 856 41 - ELECTRONIC LOCATION AND ACCESS |
| Materials specified |
Table of contents only |
| Uniform Resource Identifier |
<a href="http://catdir.loc.gov/catdir/enhancements/fy1116/2009011892-t.html">http://catdir.loc.gov/catdir/enhancements/fy1116/2009011892-t.html</a> |
| 942 ## - ADDED ENTRY ELEMENTS (KOHA) |
| Source of classification or shelving scheme |
Dewey Decimal Classification |
| Koha item type |
Books |
| Koha issues (borrowed), all copies |
49 |